El abuso sexual al menor : causas, consecuencias y tratamiento psicosocial /
Contiene: Introducción y antecedentes; ¿Por qué se victimiza sexualmente a los niños?; Una investigación sobre la victimización sexual en los niños; Las experiencias descritas; Compañeros de mayor edad; Dentro de la familia; Fuentes de trauma; Antecedentes sociales de niños que han sido victimizados...
Guardado en:
| Autor principal: | |
|---|---|
| Formato: | Libro |
| Idioma: | Español |
| Publicado: |
México :
Pax,
1980, c1980
|
| Temas: | |
| Etiquetas: |
Sin etiquetas, Sé el primero en etiquetar este registro!
|
MARC
| LEADER | 00000nam^a2200000^a^4500 | ||
|---|---|---|---|
| 001 | 000007453 | ||
| 005 | 20250521000000.0 | ||
| 009 | 20260310083508.019 | ||
| 020 | |a 968-6055-38-X | ||
| 037 | |a Acervo ITESO - Biblioteca | ||
| 041 | |a ESP | ||
| 082 | |a 155. 4 |b FIN | ||
| 100 | |a Finkelhor, David |e (autor) | ||
| 245 | 1 | 3 | |a El abuso sexual al menor : |b causas, consecuencias y tratamiento psicosocial / |c D. Finkelhor ; tr. por Roberto Donadi. |
| 246 | 2 | |a Título en la cubierta: Abuso sexual al menor: causas, consecuencias y tratamiento psicosexual | |
| 264 | 4 | |a México : |b Pax, |c 1980, c1980 | |
| 300 | |a 302 p. | ||
| 336 | |a texto |b txt |2 rdacontenido | ||
| 337 | |a sin mediación |b n |2 rdamedio | ||
| 338 | |a volumen |b nc |2 rdasoporte | ||
| 500 | |a Traducción de: Sexually victimized children | ||
| 520 | |a Contiene: Introducción y antecedentes; ¿Por qué se victimiza sexualmente a los niños?; Una investigación sobre la victimización sexual en los niños; Las experiencias descritas; Compañeros de mayor edad; Dentro de la familia; Fuentes de trauma; Antecedentes sociales de niños que han sido victimizados sexualmente; Comparación de los hallazgos con otros estudios; Conclusión. | ||
| 649 | |a XX | ||
| 650 | |a Abuso Sexual | ||
| 650 | |a Maltrato Infantil | ||
| 650 | |a Conducta Antisocial | ||
| 650 | |a Psicopatología | ||
| 650 | |a Psicología Evolutiva | ||
| 650 | |a Problemas Sociales | ||
| 650 | |a Sociología | ||
| 910 | |a Fondo General | ||
| 920 | |a Impresos - Libros | ||
| 930 | |a Colección General | ||
| 905 | |a 101 | ||
| 901 | |a 0500146087 |b IT1 |c ACC |u 20250521 | ||
| 902 | |a https://opac.biblio.iteso.mx/vufind/Record/000007453 | ||